000 01347nam a2200361 c 4500
999 _c161451
_d161451
003 BLK
005 20250307151412.0
008 180410b bul|||||r ||||||| ||bul||
010 _aKNG00168767000
020 _a978-954-491-922-1
040 _aBLK
041 _aBUL
_cBUL
072 7 _2bullib
_aН83
_xЧужда художествена литература Н
080 _aИталианска литература
_b821.131.1
_x-31
_z821.131.1-31
100 1 _aДжеда, Фабио
_eпърви автор
_960601
139 _aДжеда, Фабио
_bД 50
245 1 0 _aИма крокодили в морето
_bИстинската история на Енаятолах Акбари
_cФабио Джеда; прев. от итал. Елица Попова.
257 _aITA
260 _bЖанет 45
_c2013
300 _a220 с.
_c20 см
380 _aX
490 1 _aПоредица Отвъд
_v21
500 _aОриг. загл.: Nel mare ci sono coccodrilli / Fabio Geda
659 _aН
700 1 _aПопова, Елица
_eпрев. от итал.
_9381394
852 _aЦб 271944
856 4 _qpdf
856 4 _qpdf
942 _cKNG
_n0
_012
944 _aCR
_c16.12.2014
_k30576
_lЦветомила Тодорова
944 _aED
_c03.06.2015
_kНаталия_Медовщикова
999 _d161451